000 04090cam a2200637Ki 4500
999 _c5036
_d5036
001 ocn909278309
003 OCoLC
005 20200420131253.0
006 m o d
007 cr cnu---unuuu
008 150518s2015 enk o 000 0 eng d
020 _z9781137426604
035 _a(OCoLC)909278309
037 _a760908
_bPalgrave Macmillan
_nhttp://www.palgraveconnect.com
040 _aUKPGM
_beng
_erda
_epn
_cTZ-ArACH
_dOCLCO
043 _af------
049 _aTZAA
050 4 _aJZ6377
_b.B33
082 0 4 _a341.5/84
_223
100 1 _aBadmus, Isiaka A.,
_d1967-
_eauthor.
245 1 4 _aAfrican Union's role in peacekeeping :
_bbuilding on lessons learned from security operations /
_cIsiaka Badmus.
260 _aHoundmills, Basingstoke, Hampshire ;
_aNew York, NY ;
_bPalgrave Macmillan,
_c2015
300 _axvi; 277
490 1 _aRethinking peace and conflict studies
505 0 _a1. Conceptual Framework and Some Background Issues -- 2. The Rise of African Union Regionalism -- 3. The African Peace and Security Architecture -- 4. The African Mission in Burundi -- 5. The African Union Mission in Somalia -- 6. The African Union/United Nations Hybrid Operation in Darfur -- Conclusions: What Works, What Doesn't, and Why?
520 _a"This study examines the African Union's (AU) role as a conflict management and peace consolidation actor in Africa. Based on a qualitative research methodology, it analyses AU peace operations in Burundi and Somalia, and hybrid peacekeeping in Darfur, in order to identify the lessons learned and suggest how future outcomes may be improved. Dr Isiaka Badmus discusses the need for African leaders to fully engage and contribute to funding Africa's new security architecture, while continuing to recognise the immediate imperative of international assistance. His study is a significant contribution to the growing body of policy analysis and academic scholarship on peacekeeping in Africa at a time when the AU is developing its capacity for comprehensive and self-sufficient peace support operations"--
610 2 0 _aAfrican Union.
610 2 7 _aAfrican Union.
_2fast
650 0 _aPeacekeeping forces
_zAfrica.
_915372
650 0 _aPeace-building
_zAfrica.
650 7 _aPolitical Science
_xInternational Relations
_xGeneral.
_2bisacsh
_915951
650 7 _aPolitical Science
_xPeace.
_2bisacsh
650 7 _aPOLITICAL SCIENCE
_xGovernment
_xInternational.
_2bisacsh
650 7 _aPeace studies & conflict resolution
_zAfrica.
_2bicssc
650 7 _aInternational institutions
_zAfrica.
_2bicssc
650 7 _aPeacekeeping operations
_zAfrica.
_2bicssc
650 7 _aPeace-building.
_2fast
650 7 _aPeacekeeping forces.
_2fast
650 7 _aPeace studies & conflict resolution
_zAfrica.
_2thema
650 7 _aInternational institutions
_zAfrica.
_2thema
650 7 _aPeacekeeping operations
_zAfrica.
_2thema
650 7 _aPolitics and Government.
_2ukslc
651 7 _aAfrica.
_2fast
776 0 8 _iPrint version:
_aBadmus, Isiaka, 1967-
_tAfrican Union's role in peacekeeping
_z9781137426604
_w(DLC) 2015001283
_w(OCoLC)898925048
830 0 _aRethinking peace and conflict studies.
856 4 0 _3Ebook Library
_uhttp://public.eblib.com/choice/publicfullrecord.aspx?p=4331025
856 4 0 _3Ebook Library
_uhttp://public.eblib.com/choice/publicfullrecord.aspx?p=4001302
856 4 0 _3EBSCOhost
_uhttp://search.ebscohost.com/login.aspx?direct=true&scope=site&db=nlebk&db=nlabk&AN=1172776
856 4 0 _3Palgrave Connect
_uhttp://www.palgraveconnect.com/doifinder/10.1057/9781137426611
856 4 0 _3ProQuest Ebook Central
_uhttp://public.ebookcentral.proquest.com/choice/publicfullrecord.aspx?p=4001302
856 4 0 _3SpringerLink
_uhttp://link.springer.com/openurl?genre=book&isbn=978-1-349-49087-5
856 4 0 _3SpringerLink
_uhttp://dx.doi.org/10.1057/9781137426611
856 4 0 _3SpringerLink
_uhttps://link.springer.com/openurl?genre=book&isbn=978-1-137-42661-1
856 4 2 _3Cover image
_uhttp://www.netread.com/jcusers2/bk1388/604/9781137426604/image/lgcover.9781137426604.jpg
942 _2lcc
_cBOOK